All 10k+ cities in Wisconsin on a Map - Statistics

General Stats
  • This quiz has been taken 126 times
  • The average score is 41 of 95
Answers on the Map
Answers color-coded by a green-red scale on the quiz's map according to % correct below.
 
Answer Stats
City Population % Correct
Madison 269,840
100%
Milwaukee 577,222
97%
Eau Claire 69,421
94%
Green Bay 107,395
94%
Kenosha 99,986
92%
Appleton 75,644
89%
Racine 77,816
89%
Oshkosh 66,816
86%
Waukesha 71,158
86%
Sheboygan 49,929
83%
Fond du Lac 44,678
81%
Janesville 65,615
81%
La Crosse 52,680
81%
Superior 26,751
76%
Wausau 39,994
75%
Beloit 36,657
71%
West Allis 60,325
63%
Manitowoc 34,626
61%
Wauwatosa 48,387
57%
Stevens Point 25,666
56%
New Berlin 40,451
50%
Menomonee Falls 38,527
49%
Chippewa Falls 14,731
47%
Sun Prairie 35,967
47%
Brookfield 41,464
46%
Greenfield 37,803
46%
Menomonie 16,843
46%
Neenah 27,319
44%
Oak Creek 36,497
44%
Platteville 11,836
44%
De Pere 25,410
43%
Marinette 11,119
43%
South Milwaukee 20,795
43%
Onalaska 18,803
42%
West Bend 31,752
40%
Germantown 20,917
39%
Oconomowoc 18,203
39%
Portage 10,581
39%
Franklin 36,816
38%
Hudson 14,755
38%
Mount Pleasant 27,732
38%
Port Washington 12,353
38%
Watertown 22,926
38%
Whitewater 14,889
38%
Wisconsin Rapids 18,877
38%
Baraboo 12,556
36%
Fitchburg 29,609
36%
Middleton 21,827
36%
Monroe 10,661
36%
Verona 14,030
36%
Beaver Dam 16,708
35%
River Falls 16,182
35%
Sparta 10,025
35%
Ashwaubenon 16,991
33%
DeForest 10,811
33%
Howard 19,950
33%
Mequon 25,142
33%
Oregon 11,179
33%
Stoughton 13,173
33%
Waupun 11,344
33%
Brown Deer 12,507
32%
Burlington 11,047
32%
Grafton 12,094
32%
Marshfield 18,929
32%
Two Rivers 11,271
32%
Whitefish Bay 14,954
32%
Fort Atkinson 12,579
31%
Hartford 15,626
31%
Menasha 18,268
31%
Cudahy 18,204
29%
Elkhorn 10,247
29%
Muskego 25,032
29%
Pleasant Prairie 21,250
29%
Glendale 13,357
28%
Plover 13,519
28%
Shorewood 13,859
28%
Waunakee 14,879
28%
Allouez 14,156
26%
Bellevue 15,935
26%
Cedarburg 12,121
26%
Pewaukee 15,914
26%
Suamico 12,820
26%
Weston 15,723
26%
Kaukauna 17,089
25%
Caledonia 25,361
24%
Fox Crossing 18,974
24%
Hobart 10,211
24%
New Richmond 10,079
24%
Greendale 14,854
22%
Holmen 10,661
22%
Little Chute 11,619
19%
Richfield 11,739
19%
Harrison 12,418
18%
Sussex 11,487
18%
Salem Lakes 14,601
14%
No matching quizzes found
Score Distribution
Percent of People with Each Score
Percentile by Number Answered
Your Score History
You have not taken this quiz